| 000 | 00503nam a2200145 4500 | ||
|---|---|---|---|
| 008 | 260119b |||||||| |||| 00| 0 eng d | ||
| 020 | _a9789811235597 | ||
| 082 | _a006.3 BOR | ||
| 100 | _a Bornet Pascal, Ian Barkin , Jochen Wirtz. | ||
| 245 | _aIntelligent Automation | ||
| 260 |
_aLondon _bWorld Scientific _c2021 |
||
| 300 | _a414 | ||
| 650 | _aMSc-CA | ||
| 942 | _cR | ||
| 999 |
_c65456 _d65456 |
||